1135 1767 1309 1254 1067 1624 1855 1981 1804 1615 1299 1152 1450 1607 1411 1759 1349 1251 1050 1975 1489 1761 1005 1122 1173 1768 1555 1280 1420 1995 1763 1378 1279 1771 1136 1448 1344 1970 1950 1158 1829 1595 1846 1388 1761 1097 1135 1637 1105 1745 1153 1868 1401 1847 1930 1474 1933 1142 1943 1044 1913 1227 1618 1463 1271 1966 1401 1923 1672 1153 1775 1360 1695 1486 1031 1341 1673 1992 1432 1014 1663 1128 1815 1867 1820 1087 1647 1302 1949 1980 1319 1924 1889 1283 1369 1023 1279 1096 1202 BCNSPRNW ULIB Ver.6.0+V

เปลี่ยนเป็นภาษาไทย

Change to English
 แสดงรายละเอียดบรรณานุกรม
  กลับหน้าหลัก

Brief Record : Get Marc (ISO 2709) : E-mail record : QR code < ปิดหน้าต่าง
LEADER : 00000nam 2200000uu 4500
001    13399122551
003     ULIB
008    020711s2548 th a 000 0 tha d
020    9743413928
020    9789743413926
090    นว.^bอ111ล
100    อาธา คริสตี้,^eเขียน
245    ลางสังหาร./^cอาธา คริสตี้ ; เขียน , กัณหา แก้วไทย ; แปล
250    พิมพ์ครั้งที่ 1
260    กรุงเทพฯ :^bสร้างสรรค์บุ๊คส์,^c2548
300    341 หน้า
700 1  กัณหา แก้วไทย,^eแปล
945    ^p170^l0^i19999
999    ^aทศพร เกษรทอง
รายการนี้ยังไม่มีแท็ก
คุณยังไม่ได้ล็อกอิน คุณสามารถมีกิจกรรมร่วมกับเว็บไซต์ได้ แต่ต้องล็อกอินก่อน ::
  ล็อกอิน

รายการสื่อสารสนเทศ

ลำดับที่ ประเภท เลขเรียก/บาร์โค้ด สถานที่ สถานะ
1. นวนิยาย
นวนิยาย
นว. อ111ล ฉ.1 
  Barcode: 19999
ห้องสมุดวิทยาเขตสวรรค์ประชารักษ์
►นวนิยาย
บนชั้น
  ขอยืม

BibComment


ยังไม่เคยถูกคอมเมนท์

คอมเมนท์ทรัพยากรรายการนี้
  คอมเมนท์: ลางสังหาร อาธา คร..


 Copyright 2026. Bcnsprnw @Library